Sports Quiz

Random Sports or MLB Quiz

Active MLB Leaders in Outfield Assists Quiz Stats

 Plays Quiz not verified by Sporcle

Challenge
Share
Tweet
Embed
Score 0/44 Timer 09:00
0 Plays Today
Assists Player % Correct
50Kole Calhoun
100%
48Billy Hamilton
100%
43Marcell Ozuna
100%
45Yasiel Puig
100%
44Lorenzo Cain
100%
96Adam Jones
95.7%
123Ichiro Suzuki
90.2%
53Michael Brantley
88.9%
89Alex Gordon
88.3%
97Jose Bautista
87.7%
72Ryan Braun
87.7%
73Carlos Gonzalez
84.7%
70Brett Gardner
82.8%
88Matt Kemp
82.2%
94Jay Bruce
81%
113Nick Markakis
80.4%
69Andrew McCutchen
80.4%
52Bryce Harper
79.1%
64Giancarlo Stanton
75.5%
57Justin Upton
75.5%
77Curtis Granderson
73.6%
71Carlos Gomez
73%
Assists Player % Correct
41Austin Jackson
66.7%
41JD Martinez
66.7%
41Jackie Bradley, Jr.
66.7%
61Starling Marte
64.7%
45Adam Eaton
64.7%
59Jason Heyward
62.6%
61Josh Reddick
62%
51Nelson Cruz
60.7%
48Chris Young
54.6%
96Hunter Pence
49.1%
79Shin-Soo Choo
44.8%
67Yoenis Cespedes
44.2%
59Rajai Davis
42.3%
60Leonys Martin
42.3%
116Melky Cabrera
39.3%
42Dexter Fowler
33.3%
44Ender Inciarte
33.3%
96Gerardo Parra
30.7%
51Jarrod Dyson
25%
46Colby Rasmus
23.5%
46Denard Span
18.8%
42Avisail Garcia
0%

You're not logged in!

Compare scores with friends on all Sporcle quizzes.
OR
Log In

You Might Also Like...

Show Comments

Extras

Top Quizzes Today


Score Distribution

Your Account Isn't Verified!

In order to create a playlist on Sporcle, you need to verify the email address you used during registration. Go to your Sporcle Settings to finish the process.

Report this User

Report this user for behavior that violates our Community Guidelines.

Details: